000 00570nam a2200181 a 4500
001 000039999
005 20201002033845.0
008 130802s1967 sp 000 0 spa d
040 _aDO-SdBNP
_bspa
_cBNPHU
082 _axxx
_bR621v, 1967
100 1 _aRivera, José Eustasio,
_d1888-1928.
_910594
245 1 3 _aLa vorágine /
_cJosé Eustasio Rivera.
250 _a9a ed.
260 _aBuenos Aires, Argentina :
_bLasoda,
_c1967.
300 _a254 p. ;
_c18 cm.
490 1 _aBiblioteca clásica y contemporánea
830 0 _aBiblioteca clásica y contemporánea
_913431
999 _c39489
_d39489